Moving and reorganizing a library

Αποθηκεύτηκε σε:
Λεπτομέρειες βιβλιογραφικής εγγραφής
Κύριος συγγραφέας: Wells, Marianna Salzbrunn 1929-
Άλλοι συγγραφείς: Young, Rosemary 1950-
Μορφή: Βιβλίο
Γλώσσα:English
Δημοσίευση: Aldershot : Gower, c1997
Θέματα:
Ετικέτες: Προσθήκη ετικέτας
Δεν υπάρχουν, Καταχωρήστε ετικέτα πρώτοι!

MARC

LEADER 00000nam a2200000 i 4500
001 1/80959
008 990514s1997 eng d
020 |a 0-566-07701-9 
035 |l 10050773 
040 |a GR-MY-UA  |b gre  |e aacr 
041 0 |a eng 
082 0 |a 025.81 
100 1 |a Wells, Marianna Salzbrunn  |d 1929- 
245 1 0 |a Moving and reorganizing a library /  |c Marianna S. Wells and Rosemary Young 
260 |a Aldershot :   |b Gower,   |c c1997 
300 |a 123 p. 
504 |a Includes index 
650 0 0 |a Library moving  |z United States. 
650 0 0 |a Stack management (Libraries)  |z United States. 
700 1 |a Young, Rosemary  |d 1950- 
852 |a INST  |b LESVOS  |e 19990514  |h 025.81 WEL  |p 005100016461  |q 005100016461  |t BK  |y 0 
901 |a BIBL1-1999-2 
909 |a Λ  |b 062394 
922 |a 1ΕΛΗ  |b 199812  |c ΚΠΣ/ΚΥΒ  |d LEADER 
950 |a 023-1998-09-14